Geschichte Niedersachsens

Saved in:  
Bibliographic Details
Contributors: Patze, Hans 1919-1995 (Other) ; Schubert, Ernst 1941-2006 (Editor)
Format: Print Book
Language:German
Subito Delivery Service: Order now.
Check availability: HBZ Gateway
Interlibrary Loan:Interlibrary Loan for the Fachinformationsdienste (Specialized Information Services in Germany)
Published: Göttingen Wallstein Verlag 1977-
Hannover Hahn 1977-
In:Year: 1977
Volumes / Articles:Show volumes/articles.
Series/Journal:Veröffentlichungen der Historischen Kommission für Niedersachsen und Bremen 36
Standardized Subjects / Keyword chains:B Lower Saxony / History
Further subjects:B Lower Saxony (Germany) History
Online Access: Publisher

MARC

LEADER 00000cam a2200000 ca4500
001 12561604X
003 DE-627
005 20251222201034.0
007 tu
008 930613m19779999gw ||||| 00| ||ger c
016 7 |a 550770887  |2 DE-101 
020 |a 3835315854  |9 3-8353-1585-4 
020 |a 9783835315853  |9 978-3-8353-1585-3 
035 |a (DE-627)12561604X 
035 |a (DE-576)9125616048 
035 |a (DE-599)GBV12561604X 
040 |a DE-627  |b ger  |c DE-627  |e rakwb 
041 |a ger 
044 |c XA-DE 
050 0 |a DD801.N4 
082 0 |a 943.59 
084 |a NDS 304  |2 sfb 
084 |a 63  |2 sdnb 
084 |a 15.51  |2 bkl 
245 0 0 |a Geschichte Niedersachsens  |c begr. von Hans Patze. Hrsg. von Ernst Schubert 
264 1 |a Göttingen  |b Wallstein Verlag  |c 1977- 
264 1 |a Hannover  |b Hahn  |c 1977- 
336 |a Text  |b txt  |2 rdacontent 
337 |a ohne Hilfsmittel zu benutzen  |b n  |2 rdamedia 
338 |a Band  |b nc  |2 rdacarrier 
490 0 |a Veröffentlichungen der Historischen Kommission für Niedersachsen und Bremen  |v 36 
500 |a Teilw. im Lax-Verl., Hildesheim, und im Wallstein-Verl., Göttingen, erschienen 
653 0 |a Lower Saxony (Germany)  |a History 
689 0 0 |d g  |0 (DE-588)4042226-4  |0 (DE-627)106215507  |0 (DE-576)209049227  |2 gnd  |a Niedersachsen 
689 0 1 |q z  |2 gnd  |a Geschichte 
689 0 |5 DE-101 
700 1 |e BegründerIn  |0 (DE-588)118739514  |0 (DE-627)079520081  |0 (DE-576)16249565X  |4 oth  |a Patze, Hans  |d 1919-1995 
700 1 |e HerausgeberIn  |0 (DE-588)120418703  |0 (DE-627)080663044  |0 (DE-576)214685012  |4 edt  |a Schubert, Ernst  |d 1941-2006 
856 4 2 |u http://d-nb.info/1071148729/04  |x Verlag  |7 1 
889 |w (DE-576)9093576399 
889 |w (DE-627)1004932022 
889 |w (DE-627)093576390 
935 |a JALB  |a mteo 
935 |i NDSLCHECKOL 
936 b k |a 15.51  |j Niedersachsen  |j Bremen  |x Geschichte  |0 (DE-627)181571579 
951 |a MC 
ELC |b 1 
LOK |0 000 xxxxxcx a22 zn 4500 
LOK |0 001 4579097696 
LOK |0 003 DE-627 
LOK |0 004 12561604X 
LOK |0 005 20240912111710 
LOK |0 008 240912||||||||||||||||ger||||||| 
LOK |0 040   |a DE-Tue135  |c DE-627  |d DE-Tue135 
LOK |0 092   |o n 
LOK |0 852   |a DE-Tue135 
LOK |0 852 1  |9 00 
LOK |0 935   |a JALB 
LOK |0 939   |a 12-09-24  |b l01 
ORI |a SA-MARC-ixtheoa001.raw 
REL |a 1 
SPR |a 1  |t IXT  |t REL 
STA 0 0 |a History,History,History in art,Lower Saxony,Lower Saxony,Lower Saxony,Lower Saxony,Niedersachsen 
STB 0 0 |a Histoire,Histoire,Histoire 
STC 0 0 |a Historia,Historia,Historia 
STD 0 0 |a Storia,Storia 
STE 0 0 |a 历史,史 
STF 0 0 |a 歷史,史 
STG 0 0 |a História,História 
STH 0 0 |a История (мотив),История 
STI 0 0 |a Ιστορία (μοτίβο),Ιστορία 
SUB |a REL 
SYG 0 0 |a Lower Saxony,Land Niedersachsen , History,Geschichtliche Epoche,Historical development,Historische Entwicklung,Landesgeschichte,Regionalgeschichte,Ortsgeschichte,Zeitgeschichte 
TIM |a 100019461101_100020261231  |b 1946-11-01 - 2026